| 000 | 01284nac a22004097a 4500 | ||
|---|---|---|---|
| 001 | BR0601481 | ||
| 003 | BR-BrBNA | ||
| 005 | 20240105123302.0 | ||
| 008 | 230509b bl.|||m| |||| 00| 0 por d | ||
| 040 |
_aBR-BrBNA _bpor _cBiblioteca Nacional de Agricultura |
||
| 072 | _aF01 | ||
| 090 | _a0120 BR0601481 | ||
| 100 | 1 | _aKato, O.R. | |
| 100 | 1 | _aKato, M. do S.A. | |
| 100 | 1 | _aVielhauer, K. | |
| 100 | 1 | _aBlock, A. | |
| 100 | 1 | _aJesus, C.C. de | |
| 110 | 1 | _aEMBRAPA Amazônia Oriental, Belém, PA (Brasil) | |
| 245 | 1 | _aCultivo do milho em sistema de corte e trituração da capoeira na região Nordeste do Pará - efeito da época do preparo de área | |
| 260 | 3 |
_aBelém, PA (Brasil): _c2003. |
|
| 300 | _a18 p. | ||
| 490 |
_aBoletim de Pesquisa e Desenvolvimento - EMBRAPA Amazônia Oriental (Brazil) _vno. 19 _xISSN 1676-5265 |
||
| 500 | _aSummaries (En, Pt); 15 ref. | ||
| 650 | _aMILHO | ||
| 650 | _aGRÃO | ||
| 650 | _aSISTEMA DE CULTIVO | ||
| 650 | _aÉPOCA DE PLANTIO | ||
| 650 | _aMANEJO DO SOLO | ||
| 650 | _aADUBAÇÃO | ||
| 650 | _aCORTE | ||
| 650 | _aTRITURAÇÃO | ||
| 650 | _aCOBERTURA MORTA | ||
| 650 | _aVEGETAÇÃO SECUNDÁRIA | ||
| 650 | _aQUEIMADA | ||
| 909 |
_a202312 _bLúcia Elande _c55 _dLúcia Elande |
||
| 942 |
_2AGRIS _n0 _cMS |
||
| 999 |
_c294784 _d294784 |
||